LEADER 01080nam0-22003371i-450- 001 990000767660403321 005 20080214112821.0 010 $a3857093889 035 $a000076766 035 $aFED01000076766 035 $a(Aleph)000076766FED01 035 $a000076766 100 $a20020821d1988----km-y0itay50------ba 101 0 $ager$afre$aeng 105 $ay-------001yy 200 1 $aGraphis poster 88$ethe international annual poster Art$edas internationale Jahrbuch der Plakatkunst$ele repertoire international de l'art de l'affiche$fedited by, herausgegeben von, rčalisč par B. Martin Pedersen 210 $aZurich$cGraphis Press$dc1988 215 $a245 p.$cin gran parte fot. color.$d31 cm 610 0 $aGrafica 610 0 $aPubblicitą 610 0 $aPosters 676 $a741.674 702 1$aPedersen,$bMartin B. 801 0$aIT$bUNINA$gRICA$2UNIMARC 901 $aBK 912 $a990000767660403321 952 $aGRA.DE C 76$b1048$fFARBC 952 $aGRA.DE C 105$b956$fFARBC 959 $aFARBC 996 $aGraphis poster 88$9350431 997 $aUNINA LEADER 02794nam 22006014a 450 001 9910454432603321 005 20200520144314.0 010 $a1-281-81119-X 010 $a9786611811198 010 $a0-8261-2005-9 035 $a(CKB)1000000000576928 035 $a(EBL)423585 035 $a(OCoLC)476263637 035 $a(SSID)ssj0000256170 035 $a(PQKBManifestationID)11216813 035 $a(PQKBTitleCode)TC0000256170 035 $a(PQKBWorkID)10224562 035 $a(PQKB)10519684 035 $a(MiAaPQ)EBC423585 035 $a(Au-PeEL)EBL423585 035 $a(CaPaEBR)ebr10265589 035 $a(CaONFJC)MIL181119 035 $a(EXLCZ)991000000000576928 100 $a20030424d2003 uy 0 101 0 $aeng 135 $aur|n|---||||| 181 $ctxt 182 $cc 183 $acr 200 10$aTeaching nursing in an associate degree program$b[electronic resource] /$fRita G. Mertig 210 $aNew York $cSpringer Pub. Co.$dc2003 215 $a1 online resource (128 p.) 225 1 $aSpringer series on the teaching of nursing 300 $aDescription based upon print version of record. 311 $a0-8261-2004-0 320 $aIncludes bibliographical references and index. 327 $aContents; Foreword; Figures, Tables, and Boxes; Acknowledgments; Chapter 1 Introduction; Chapter 2 The Associate Degree Nursing Student; Chapter 3 Teaching Strategies for the Associate Degree Student; Chapter 4 Socialization into the Nursing Profession; Chapter 5 How to Motivate Students to Want to Learn; Chapter 6 Why Students Fail and What to Do About It; Chapter 7 Teachers as Mentors; Chapter 8 Working Together to Solve the Nursing Shortage; Index 330 $aThis practical ""how to"" book for teaching nursing in an associate degree program is for new and not-so-new faculty. Advice gleaned from the author's many years of teaching is presented in a friendly and easy-to-read format, designed to quickly help new faculty get a positive sense of direction. The special issues of AD nursing students -- many have full-time jobs, families, and are more mature than the ""traditional"" college student -- are given full consideration. Strateg 410 0$aSpringer series on the teaching of nursing (Unnumbered) 606 $aNursing$xStudy and teaching (Associate degree) 606 $aAssociate degree nurses 608 $aElectronic books. 615 0$aNursing$xStudy and teaching (Associate degree) 615 0$aAssociate degree nurses. 676 $a610.73/071/1 700 $aMertig$b Rita G$0953165 801 0$bMiAaPQ 801 1$bMiAaPQ 801 2$bMiAaPQ 906 $aBOOK 912 $a9910454432603321 996 $aTeaching nursing in an associate degree program$92255001 997 $aUNINA